1319 1004 1735 1476 1659 1603 1043 1967 1811 1660 1386 1953 1176 1256 1465 1634 1055 1528 1471 1413 1660 1191 1761 1629 1075 1869 1713 1388 1723 1421 1604 1972 1694 1449 1503 1295 1877 1866 1644 1207 1785 1182 1898 1386 1213 1807 1863 1476 1277 1722 1787 1944 1505 1300 1304 1868 1585 1586 1620 1101 1780 1650 1687 1200 1051 1745 1940 1501 1497 1593 1309 1890 1511 1376 1448 1965 1387 1872 1741 1037 1994 1630 1470 1378 1933 1768 1432 1136 1134 1074 1991 1811 1654 1451 1754 1186 1271 1682 1947 BCNSPRNW ULIB Ver.6.0+V

เปลี่ยนเป็นภาษาไทย

Change to English
 แสดงรายละเอียดบรรณานุกรม
  กลับหน้าหลัก

Brief Record : Get Marc (ISO 2709) : E-mail record : QR code < ปิดหน้าต่าง
LEADER : 00000nam 2200000uu 4500
001    13399113498
003     ULIB
008    110627s2551||||th 000 0 tha d
020    9789742463199
090    นว.^bว817M 2551
100 0  วีนา อโมริ
245 00 My dear เคลียร์หัวใจให้ปิ้งรัก/^cวีนา อโมริ
250    พิมพ์ครั้งที่ 2
260    กรุงเทพฯ :^bษาริน,^c2551
300    366 หน้า
710 1  ษาริน
945    ^p240^l0^i024498
995    ทศพร
999 ^a ใช้งานได้ทุกระบบ
รายการนี้ยังไม่มีแท็ก
คุณยังไม่ได้ล็อกอิน คุณสามารถมีกิจกรรมร่วมกับเว็บไซต์ได้ แต่ต้องล็อกอินก่อน ::
  ล็อกอิน

รายการสื่อสารสนเทศ

ลำดับที่ ประเภท เลขเรียก/บาร์โค้ด สถานที่ สถานะ
1. นวนิยาย
นวนิยาย
นว. ว817M 2551 ฉ.1 
  Barcode: 024498
ห้องสมุดวิทยาเขตสวรรค์ประชารักษ์
►นวนิยาย
บนชั้น
  ขอยืม

BibComment


ยังไม่เคยถูกคอมเมนท์

คอมเมนท์ทรัพยากรรายการนี้
  คอมเมนท์: My dear เคลียร์หั..


 Copyright 2026. Bcnsprnw @Library